| 000 | 00673nam a2200217Ii 4500 | ||
|---|---|---|---|
| 003 | JO-AjNU | ||
| 008 | 230605s9999||||xx |||||||||||||| ||und|| | ||
| 040 |
_aJO-AjNU _bara _erda _cJO-AjNU |
||
| 041 | _aara | ||
| 050 | 1 | 4 | _aPJ7538 2000 |
| 100 | 3 |
_aعبد ربه، خيري, _eauthor _910366 |
|
| 245 | 0 | 0 | _aمواجهات في الأدب (2) |
| 250 | _aط1 | ||
| 264 | 3 | 1 | _aدمشق: دار نينوي للدراسات والنشر، 2000 |
| 300 | _a295ص | ||
| 336 |
_atext _btxt _2rdacontent |
||
| 337 |
_aunmediated _bn _2rdamedia |
||
| 338 |
_avolume _bnc _2rdacarrier |
||
| 490 | 0 | _aالسلسلة النقدية (2) | |
| 650 | 4 |
_aالأدب - مواجهات _910367 |
|
| 999 |
_aA1770 _c5338 _d5338 |
||